| 000 -LEADER |
| fixed length control field |
00522nam a22001937a 4500 |
| 008 - FIXED-LENGTH DATA ELEMENTS--GENERAL INFORMATION |
| fixed length control field |
151015b xxu||||| |||| 00| 0 eng d |
| 020 ## - INTERNATIONAL STANDARD BOOK NUMBER |
| International Standard Book Number |
027596728X |
| 020 ## - INTERNATIONAL STANDARD BOOK NUMBER |
| International Standard Book Number |
0275967271 |
| 041 0# - LANGUAGE CODE |
| Language code of text/sound track or separate title |
eng |
| 080 ## - UNIVERSAL DECIMAL CLASSIFICATION NUMBER |
| Universal Decimal Classification number |
316.77 |
| 100 1# - Rafti |
| Rafti |
Silverblatt, Art. |
| 245 10 - TITLE STATEMENT |
| Title |
Media literacy : |
| Statement of responsibility, etc |
Art Silverblatt. |
| 250 ## - |
| -- |
2nd ed. |
| 260 ## - |
| -- |
2001 |
| -- |
Westport, Conn. : |
| -- |
Praeger, |
| 300 ## - |
| -- |
xiii, 447 f. : |
| -- |
me il.; |
| -- |
24 cm. |
| 650 #0 - |
| -- |
Media |
| 650 #0 - |
| -- |
Literatura |
| 942 ## - ADDED ENTRY ELEMENTS (KOHA) |
| Source of classification or shelving scheme |
|
| Item type |
Books |